000 01749cam a22004334i 4500
003 PE-LiUPU
005 20250731173142.0
008 150623s1970 ilua r 000 0 eng d
020 _a0802416403
035 _a(Sirsi) i9780802416407
040 _aPE-LiUPU
_bspa
_cPE-LiUPU
_erda
049 _aPRUA
082 0 4 _a268
_bR516c
_221
100 1 _aRichards, Laurence O.,
_eautor.
245 1 0 _aCreative bible teaching /
_cLawrence O. Richards.
264 1 _aChicago :
_bMoody Press
_c1970.
300 _a288 páginas :
_bilustraciones ;
_c23 centímetros
336 _atext
_2rdacontent
337 _aunmediated
_2rdamedia
338 _avolume
_2rdacarrier
505 0 _aThe bible we teach: This bible, person to person, contemporary critique, the nature of revelation, beyond information. Teaching the bible creatively: What is creative teaching?, visit to a creative class, the pattern of creative bible teaching, bridging the gaps, truth into life, motivating the learner, choosing and using curriculum. Guidelines to creative teaching: The bible and preschoolers, teaching in the nursery department, teaching in the beginner, teaching children, focusing attention, communicating content, guiding to insight, encouranging responce.
526 _aSEG42
526 _aSEG41
526 _aSEG40
526 _aSEG39
526 _aP94
526 _aP87
526 _aP86
526 _aP85
526 _aP77
526 _aP76
526 _aP35
630 _aBiblia
_xEstudio Enseñanza
_vManuales.
650 0 _aEducación Religiosa
_91401
650 0 _aBiblia
_xEnseñanza.
_91402
942 _2ddc
_cBK
_n0
999 _c34798
_d34798
980 _81
_gALBERTO SANCHEZ Responsable de Automatización